| Tag |
First Indicator |
Second Indicator |
Subfields |
| LEADER |
00000cam a2200000 a 4500 |
| 001 |
in00001406429 |
| 005 |
20151020072658.0 |
| 008 |
970912s1997 enka b 001 0 eng d |
| 020 |
|
|
|a 0273628240
|
| 035 |
|
|
|a (OCoLC)37612005
|
| 035 |
|
|
|9 AHQ3363AM
|
| 040 |
|
|
|a DGU
|c DGU
|d TXA
|d UtOrBLW
|
| 049 |
|
|
|a TXAM
|
| 090 |
|
|
|a HD58.8
|b .G552 1997
|
| 100 |
1 |
|
|a Gilgeous, Victor.
|
| 245 |
1 |
0 |
|a Operations and the management of change /
|c Vic Gilgeous.
|
| 264 |
|
1 |
|a London ;
|a Washington, DC :
|b Pitman Pub.,
|c 1997.
|
| 300 |
|
|
|a xvi, 464 pages :
|b illustrations ;
|c 25 cm.
|
| 336 |
|
|
|a text
|b txt
|2 rdacontent
|
| 337 |
|
|
|a unmediated
|b n
|2 rdamedia
|
| 338 |
|
|
|a volume
|b nc
|2 rdacarrier
|
| 504 |
|
|
|a Includes bibliographical references and index.
|
| 650 |
|
0 |
|a Organizational change.
|
| 650 |
|
0 |
|a Organizational effectiveness.
|
| 948 |
|
|
|a C:BLW
|d 20030615
|
| 999 |
|
|
|a MARS
|
| 999 |
f |
f |
|s 116fbbfd-3bf2-35ed-97d0-ffe1ef0b9844
|i 037021fc-b018-33b8-b647-a29fdf8e6f70
|t 0
|
| 952 |
f |
f |
|p ric
|a Texas A&M University
|b Rellis Campus
|c Joint Library Facility
|d Remote Storage
|t 0
|e HD58.8 .G552 1997
|h Library of Congress classification
|i unmediated -- volume
|m A14822548518
|
| 998 |
f |
f |
|a HD58.8 .G552 1997
|t 0
|l Remote Storage
|